000 00509nab a2200145Ia 4500
003 ES-SlBCS
005 20210601141351.0
008 140529s2009 xxu||||| |||| 00| 0 spa d
041 _aspa
100 1 _aBarrigüete Garrido, L. Miguel
_9255326
245 0 0 _aEl profesorado ante la violencia y los conflictos escolares
_c L. Miguel Barrigüete Garrido
650 0 4 _aConflictos Escolares
_9209210
773 0 _tEducatio Siglo XXI (Antes Anales de Pedagogía)
_gnº. 27, 2009, págs. 207-232
_wEduSi
942 _cAR
999 _c659612
_d659612